Marketing of Bank Services: A Case Study of Slovak Banks

Guardado en:
Detalles Bibliográficos
Autor principal: Csikósová, Adriana
Otros Autores: Janošková, Mária, 1965-, Čulková, Katarína
Formato: Capítulo de libro
Lenguaje:inglés
Etiquetas: Agregar Etiqueta
Sin Etiquetas, Sea el primero en etiquetar este registro!

MARC

LEADER 00000naa$a2200000$$$4500
001 0296454
005 20250115101952.9
041 0 |a eng 
044 |a US 
245 1 0 |a Marketing of Bank Services: A Case Study of Slovak Banks  |c Adriana Csikósová, Mária Janošková, Katarína Čulková 
100 1 |a Csikósová, Adriana 
700 1 |a Janošková, Mária, 1965- 
700 1 |a Čulková, Katarína